5HLuxD.jpg

KING HENRY VIII SENIOR AND PRIMARY SCHOOL LIBRARY OPAC

Explore forces and motion! / (Record no. 1417)

000 -LEADER
fixed length control field 02377cam a22005537i 4500
001 - CONTROL NUMBER
control field 20499052
003 - CONTROL NUMBER IDENTIFIER
control field OSt
005 - DATE AND TIME OF LATEST TRANSACTION
control field 20221229121832.0
008 - FIXED-LENGTH DATA ELEMENTS--GENERAL INFORMATION
fixed length control field 180516t20162016vtua j b 001 0 eng d
010 ## - LIBRARY OF CONGRESS CONTROL NUMBER
LC control number 2017471114
020 ## - INTERNATIONAL STANDARD BOOK NUMBER
International Standard Book Number 9781619303553
Qualifying information (paperback)
035 ## - SYSTEM CONTROL NUMBER
System control number (OCoLC)ocn915500661
040 ## - CATALOGING SOURCE
Original cataloging agency BTCTA
Language of cataloging eng
Transcribing agency BTCTA
Description conventions rda
Modifying agency BDX
-- YDXCP
-- OCLCQ
-- ZHB
-- OCLCO
-- CLE
-- IUK
-- OCLCO
-- OCLCF
-- OCLCO
-- UAP
-- NGP
-- QBX
-- IGA
-- ZGV
-- ILC
-- CHILD
-- OCLCQ
-- DLC
-- KH8
042 ## - AUTHENTICATION CODE
Authentication code lccopycat
082 04 - DEWEY DECIMAL CLASSIFICATION NUMBER
Classification number 531.11 SWA
Edition number 23
100 1# - MAIN ENTRY--PERSONAL NAME
Personal name Swanson, Jennifer,
Relator term author.
245 10 - TITLE STATEMENT
Title Explore forces and motion! /
Statement of responsibility, etc. Jennifer Swanson ; illustrated by Bryan Stone.
264 #1 - PRODUCTION, PUBLICATION, DISTRIBUTION, MANUFACTURE, AND COPYRIGHT NOTICE
Place of production, publication, distribution, manufacture White River Junction, VT :
Name of producer, publisher, distributor, manufacturer Nomad Press,
Date of production, publication, distribution, manufacture, or copyright notice [2016]
264 #4 - PRODUCTION, PUBLICATION, DISTRIBUTION, MANUFACTURE, AND COPYRIGHT NOTICE
Date of production, publication, distribution, manufacture, or copyright notice ©2016
300 ## - PHYSICAL DESCRIPTION
Extent v, 90 pages :
Other physical details color illustrations ;
Dimensions 26 cm.
336 ## - CONTENT TYPE
Content type term text
Content type code txt
Source rdacontent
337 ## - MEDIA TYPE
Media type term unmediated
Media type code n
Source rdamedia
338 ## - CARRIER TYPE
Carrier type term volume
Carrier type code nc
Source rdacarrier
490 1# - SERIES STATEMENT
Series statement Explore your world
500 ## - GENERAL NOTE
General note "With 25 Great Projects"--Cover.
504 ## - BIBLIOGRAPHY, ETC. NOTE
Bibliography, etc. note Includes bibliographical references (pages 87-88) and index.
505 0# - FORMATTED CONTENTS NOTE
Formatted contents note Timeline -- Introduction: everything moves! -- Fantastic forces -- Glorious gravity -- Laws of motion -- Might magnetism -- Sink or float -- Forces at work.
520 ## - SUMMARY, ETC.
Summary, etc. Introduces physics concepts to young readers and offers instructions for related science projects.
650 #0 - SUBJECT ADDED ENTRY--TOPICAL TERM
Topical term or geographic name entry element Motion
Form subdivision Juvenile literature.
650 #0 - SUBJECT ADDED ENTRY--TOPICAL TERM
Topical term or geographic name entry element Gravity
Form subdivision Juvenile literature.
650 #1 - SUBJECT ADDED ENTRY--TOPICAL TERM
Topical term or geographic name entry element Physics.
650 #1 - SUBJECT ADDED ENTRY--TOPICAL TERM
Topical term or geographic name entry element Force and energy.
650 #1 - SUBJECT ADDED ENTRY--TOPICAL TERM
Topical term or geographic name entry element Motion.
650 #1 - SUBJECT ADDED ENTRY--TOPICAL TERM
Topical term or geographic name entry element Science projects.
650 #7 - SUBJECT ADDED ENTRY--TOPICAL TERM
Topical term or geographic name entry element JUVENILE NONFICTION
General subdivision Science & Nature
-- Experiments & Projects.
Source of heading or term bisacsh
650 #7 - SUBJECT ADDED ENTRY--TOPICAL TERM
Topical term or geographic name entry element JUVENILE NONFICTION
General subdivision Science & Nature
-- History of Science.
Source of heading or term bisacsh
650 #7 - SUBJECT ADDED ENTRY--TOPICAL TERM
Topical term or geographic name entry element JUVENILE NONFICTION
General subdivision Science & Nature
-- Physics.
Source of heading or term bisacsh
650 #7 - SUBJECT ADDED ENTRY--TOPICAL TERM
Topical term or geographic name entry element JUVENILE NONFICTION
General subdivision Technology
-- How Things Work-Are Made.
Source of heading or term bisacsh
650 #7 - SUBJECT ADDED ENTRY--TOPICAL TERM
Topical term or geographic name entry element Gravity.
Source of heading or term fast
Authority record control number or standard number (OCoLC)fst00946884
650 #7 - SUBJECT ADDED ENTRY--TOPICAL TERM
Topical term or geographic name entry element Motion.
Source of heading or term fast
Authority record control number or standard number (OCoLC)fst01027064
650 #7 - SUBJECT ADDED ENTRY--TOPICAL TERM
Topical term or geographic name entry element Gravity.
Source of heading or term sears
650 #7 - SUBJECT ADDED ENTRY--TOPICAL TERM
Topical term or geographic name entry element Motion.
Source of heading or term sears
655 #7 - INDEX TERM--GENRE/FORM
Genre/form data or focus term Juvenile works.
Source of term fast
Authority record control number or standard number (OCoLC)fst01411637
700 1# - ADDED ENTRY--PERSONAL NAME
Personal name Stone, Bryan
Fuller form of name (Bryan A.),
Relator term illustrator.
830 #0 - SERIES ADDED ENTRY--UNIFORM TITLE
Uniform title Explore your world! (White River Junction, Vt.)
906 ## - LOCAL DATA ELEMENT F, LDF (RLIN)
a 7
b cbc
c copycat
d 2
e ncip
f 20
g y-gencatlg
942 ## - ADDED ENTRY ELEMENTS (KOHA)
Source of classification or shelving scheme
Koha item type Books - Non Ficton
Holdings
Withdrawn status Lost status Source of classification or shelving scheme Damaged status Not for loan Collection code Permanent Location Current Location Shelving location Date acquired Total Checkouts Full call number Barcode Date last seen Date last checked out Price effective from Koha item type
          Non-Fiction KH8 Primary School Library KH8 Primary School Library Non Fiction 2022-12-29 5 531.11 SWA KHPL000003194 2025-12-05 2024-03-01 2022-12-29 Books - Non Ficton

Powered By KH8 IT Dept